Peasant struggles in India (Record no. 1451960)

MARC details
000 -LEADER
fixed length control field 00559nam a2200205Ia 4500
005 - DATE AND TIME OF LATEST TRANSACTION
control field 20250923145504.0
008 - FIXED-LENGTH DATA ELEMENTS--GENERAL INFORMATION
fixed length control field 008 250917s9999 xx 000 0 eng d
037 ## - SOURCE OF ACQUISITION
Stock number Textual
040 ## - CATALOGING SOURCE
Original cataloging agency DSWL
Language of cataloging eng
Transcribing agency DSWL
041 ## - LANGUAGE CODE
Language code of text/sound track or separate title eng
Source of code eng
084 ## - COLON CLASSIFICATION NUMBER
Classification number X8(J)x2'N7<--M5, N79
Assigning agency DSWL
245 #0 - TITLE STATEMENT
Title Peasant struggles in India
Statement of responsibility, etc. Ed.by A.R.Desai
250 ## - EDITION STATEMENT
Edition statement 2nd
260 ## - PUBLICATION, DISTRIBUTION, ETC.
Place of publication, distribution, etc. Bombay
Name of publisher, distributor, etc. Oxford
Date of publication, distribution, etc. 1979
300 ## - PHYSICAL DESCRIPTION
Extent xxv,772p.
365 ## - TRADE PRICE
Price type code INR
Price amount 126
925 ## -
-- 126
942 ## - ADDED ENTRY ELEMENTS (KOHA)
Koha item type Textual
Classification part X8(J)x2'N7<--M5, N79
Holdings
Withdrawn status Lost status Damaged status Not for loan Home library Current library Date acquired Source of acquisition Inventory number Total Checkouts Full call number Barcode Date last seen Price effective from Koha item type
        Department of Social Work Library Department of Social Work Library 2025-09-23 Selection Book Service 581 30/03/1979   X8(J)x2'N7<--M5, N79 SW0019362 2025-09-23 2025-09-23 Textual
Copyright @ Delhi University Library System